000
00277nam a22001097a 4500
100
_a
Reju, M.J.
245
_a
Vadakkukizhakkan mekhalaykku oru Indian rubberinam
260
_b
Rubber, 669(February): 10-13.
_c
2022
650
_a
RRII 429
700
_a
Meenakumari, T.
942
_c
JS
999
_c
75021
_d
75021